Stop this blatant abuse of green belt restraint (Record no. 10640)

MARC details
000 -LEADER
fixed length control field 01123cab a2200217 4500
001 - CONTROL NUMBER
control field ABS39369
008 - FIXED-LENGTH DATA ELEMENTS--GENERAL INFORMATION
fixed length control field 090401t1988 xxu||||| |||| 00| 0 eng d
035 ## - SYSTEM CONTROL NUMBER
System control number (Sirsi) u16191
041 ## - LANGUAGE CODE
Language code of text/sound track or separate title eng
100 ## - MAIN ENTRY--PERSONAL NAME
Personal name Bate, R.
245 ## - TITLE STATEMENT
Title Stop this blatant abuse of green belt restraint
260 ## - PUBLICATION, DISTRIBUTION, ETC.
Date of publication, distribution, etc. 1988
350 ## - PRICE (NR) (BK AM CF MU VM SE) [OBSOLETE]
Price 0
490 ## - SERIES STATEMENT
Series statement District Council Review
Volume/sequential designation May 1988, 4-5(2)
520 ## - SUMMARY, ETC.
Summary, etc. Demonstrates how the planning system is exploited by would-be farmers who seek planning permission in green belt areas for an agricultural worker`s dwelling, which is claimed to be essential to a viable, economic farming operation. The CPRE has discovered a number of cases where agricultural initiatives have not matched up to the assurances that accompanied the original planning applications and where farm workers` dwellings turned out as luxurious bungalows. Illustrates with examples. Suggests measures which should be taken to halt this flouting of planning regulations.
650 ## - SUBJECT ADDED ENTRY--TOPICAL TERM
Topical term or geographic name entry element AGRICULTURAL OCCUPANCY
650 ## - SUBJECT ADDED ENTRY--TOPICAL TERM
Topical term or geographic name entry element OCCUPANCY CONDITIONS
690 ## - LOCAL SUBJECT ADDED ENTRY--TOPICAL TERM (OCLC, RLIN)
Topical term or geographic name as entry element PLANNING LAW AND PRACTICE
942 ## - ADDED ENTRY ELEMENTS (KOHA)
Suppress in OPAC 0
948 ## - LOCAL PROCESSING INFORMATION (OCLC); SERIES PART DESIGNATOR (RLIN)
c (OCLC) 04/03/1997
Holdings
Withdrawn status Lost status Source of classification or shelving scheme Damaged status Not for loan Home library Current library Shelving location Date acquired Total Checkouts Full call number Barcode Date last seen Copy number Price effective from Koha item type
    Dewey Decimal Classification     London London Journal article 14/09/1999   ABS39369 16191-1001 06/08/2019 1 06/08/2019 Journal article